The preacher's complete homiletical commentary on the old testament, v. 15. (Record no. 2171)

000 -LEADER
fixed length control field 00534nam a2200157 a 4500
001 - CONTROL NUMBER
control field :::00019696$&:&@@
003 - CONTROL NUMBER IDENTIFIER
control field OkBaRHE
005 - DATE AND TIME OF LATEST TRANSACTION
control field 20100330204338.0
008 - FIXED-LENGTH DATA ELEMENTS--GENERAL INFORMATION
fixed length control field s1892 j 000 0 eng u
040 ## - CATALOGING SOURCE
Transcribing agency
245 14 - TITLE STATEMENT
Title The preacher's complete homiletical commentary on the old testament, v. 15.
260 ## - PUBLICATION, DISTRIBUTION, ETC. (IMPRINT)
Place of publication, distribution, etc New York, NY., :
Name of publisher, distributor, etc Funk and Wagnells
Date of publication, distribution, etc 1892
650 ## - SUBJECT ADDED ENTRY--TOPICAL TERM
Topical term or geographic name as entry element Bible
General subdivision Commentaries
942 ## - ADDED ENTRY ELEMENTS (KOHA)
Source of classification or shelving scheme
Koha item type Books
Copies
Price effective from Lost status Copy number Collection code Permanent Location Not for loan Damaged status Withdrawn status Source of classification or shelving scheme Koha item type Barcode Date acquired Shelving location Date last seen Full call number
2010-04-14 1ReferenceRHEMA Bible Training College    Books196962010-04-14General Stacks2010-04-14BS 491 .E1 V.15